00278nam a22000977a 4500008004100000082002000041245005700061260004500118300000900163440000800172230621b xxu||||| |||| 00| 0 eng d a328.3bIPU 1991 aChronicle of Parliamentary Electionsand Developments aGenevabInter-Parliamenatary Unionc1991 a135p vXXV